书目信息 |
| 题名: |
细胞工程
|
|
| 作者: | 李志勇 编著 | |
| 分册: | ||
| 出版信息: | 北京 科学出版社 2003 |
|
| 页数: | 279页 | |
| 开本: | 24cm | |
| 丛书名: | ||
| 单 册: | ||
| 中图分类: | Q813 | |
| 科图分类: | ||
| 主题词: | 细胞工程--高等学校 | |
| 电子资源: | ||
| ISBN: | 7-03-010987-2 | |
| 000 | 00582nam0 2200205 45 | |
| 001 | 0312011547 | |
| 005 | 20031219104122.7 | |
| 010 | @a7-03-010987-2@dCNY26.00 | |
| 100 | @a20031201d2003 km y0chiy0120 ea | |
| 101 | 0 | @achi |
| 105 | @aa z 000yy | |
| 200 | 1 | @a细胞工程@AXi Bao Gong Cheng@f李志勇编著@FLi Zhi Yong Bian Zhu |
| 210 | @a北京@c科学出版社@d2003 | |
| 215 | @a279页@c插图@d24cm | |
| 300 | @a21世纪高等院校教材·生物工程类 | |
| 606 | 0 | @a细胞工程@x高等学校 |
| 690 | @aQ813@v4 | |
| 701 | 0 | @a李志勇@4编著 |
| 801 | @aCN@bTSTC@c20031210 | |
| 905 | @b329786-788@dQ813@e44@f3 | |
| 细胞工程/李志勇编著.-北京:科学出版社,2003 |
| 279页:插图;24cm |
| 21世纪高等院校教材·生物工程类 |
| ISBN 7-03-010987-2:CNY26.00 |
| ● |
| 相关链接 |
|
|
|
|
正题名:细胞工程
索取号:Q813/44
 
预约/预借
| 序号 | 登录号 | 条形码 | 馆藏地/架位号 | 状态 | 备注 |
| 1 | 0329786 | 203297869 | 第三借阅区/ [索取号:Q813/44] | 在馆 | |
| 2 | 0329787 | 203297878 | 第三借阅区/ [索取号:Q813/44] | 在馆 | |
| 3 | 0329788 | 203297887 | 第二样本阅览室/ [索取号:Q813/44] | 在馆 |